Business Ethics - A Philosophical and Behavioral Approach

This textbook examines the extent to which moral values play a role as productive forces for the economy, and explores the effect of ethical and unethical Behavior on the economy. It shows how ethics improves productivity in the economy, and provides specific ethics tools for practical application f...

Celý popis

Uloženo v:
Podrobná bibliografie
Hlavní autor: Conrad, Christian A. (Autor)
Médium: Elektronický zdroj E-kniha
Jazyk:angličtina
Vydáno: Cham : Springer International Publishing, 2018.
Vydání:1st ed. 2018.
Témata:
ISBN:9783319915753
On-line přístup: Získat plný text
Tagy: Přidat tag
Žádné tagy, Buďte první, kdo vytvoří štítek k tomuto záznamu!

MARC

LEADER 00000nam a22000005i 4500
003 SK-BrCVT
005 20220618115235.0
007 cr nn 008mamaa
008 180726s2018 gw | s |||| 0|eng d
020 |a 9783319915753 
024 7 |a 10.1007/978-3-319-91575-3  |2 doi 
035 |a CVTIDW07475 
040 |a Springer-Nature  |b eng  |c CVTISR  |e AACR2 
041 |a eng 
100 1 |a Conrad, Christian A.  |4 aut 
245 1 0 |a Business Ethics - A Philosophical and Behavioral Approach  |h [electronic resource] /  |c by Christian A. Conrad. 
250 |a 1st ed. 2018. 
260 1 |a Cham :  |b Springer International Publishing,  |c 2018. 
300 |a XIII, 343 p. 25 illus.  |b online resource. 
500 |a Religion and Philosophy  
505 0 |a Chapter 1 Introduction -- chapter 2 Ethical valuation approaches -- Chapter 3 The image of humans -- Chapter 4 Ethical problems of the economy: Enron, Subprime & Co. - from crisis to crisis -- Chapter 5 Market and morality -- Chapter 6 Institutional ethics: the state regulatory framework -- Chapter 7 Tools of ethics for management -- Chapter 8 Ethics in business education -- Index. 
516 |a text file PDF 
520 |a This textbook examines the extent to which moral values play a role as productive forces for the economy, and explores the effect of ethical and unethical Behavior on the economy. It shows how ethics improves productivity in the economy, and provides specific ethics tools for practical application for students and managers. Stemming from an overall interdisciplinary approach, and combining recent research results from sciences such as economics, business administration, Behavioral economics, philosophy, psychology and sociology, this textbook fills a gap in the literature on ethics in business. The book begins with the foundations of business ethics by defining business ethics, delineating its objectives, and discussing the importance of business ethics for business, the economy and society. Next, it presents the ethical evaluation approaches to enable the reader to evaluate economic Behavior ethically. It then explores 'man in business', and deals with such issues as Behavior, motivation, ethical orientation, and the presence or absence of a sense of justice. Following this is a discussion of the rules of the market and of questions such as: Does the market economy promote ethical Behavior or is there a conflict of goals between ethics and market economy? Do companies have a social responsibility? The book concludes with an analysis of the importance of ethics for productivity in the enterprise and in the economy, and presents ethics tools as the instruments with which management can promote ethical Behavior of their employees. Following a textbook structure, the book first derives knowledge from scientific studies that is relevant for students, and then summarizes the results. It explains ethical assessment approaches, and then gives an ethical assessment of economic Behavior using case studies. It uses roleplaying and games to explain the Behavior of people in relation to ethics. 
650 0 |a Business ethics. 
650 0 |a Industrial sociology. 
650 0 |a Leadership. 
650 0 |a Industrial psychology. 
650 0 |a Manpower policy. 
856 4 0 |u http://hanproxy.cvtisr.sk/han/cvti-ebook-springer-eisbn-978-3-319-91575-3  |y Vzdialený prístup pre registrovaných používateľov 
910 |b ZE04755 
919 |a 978-3-319-91575-3 
974 |a andrea.lebedova  |f Elektronické zdroje 
992 |a SUD 
999 |c 272868  |d 272868